| 000 | 00351nam a2200109Ia 4500 | ||
|---|---|---|---|
| 008 | 171211s9999 xx 000 0 und d | ||
| 245 | _aGame Invaders: The Theory and Understanding of Computer Games | ||
| 245 | _cClive Fencott, Jo Clay, and Mike Lockyer | ||
| 260 | _c2012 | ||
| 650 | _xGAMES | ||
| 856 | _uhttp://down.ebook777.com/058/9780470597187.pdf | ||
| 999 |
_c348884 _d348884 |
||